00495nam a2200193 a 4500001001300000003000900013005001700022008004100039020001000080082001500090100002000105245004400125260003700169300000900206500003500215505000900250650002200259700002000281nice12345678IN_TiNIC20260116011807.0050524s0000 beia grp 000 0 ara  ac10000a289.9bJAD aJadid, Iskandar aBidat Shahud Yahovab Jehovah Witnesses aBeirutbMarkaz Ilshabiyatac0000 a132p aincludes index and biblioraphy2 aMaps aJehovas Witnesses1 aJadid, Iskandar